[Event "Kalamazoo op02"]
[Site "Kalamazoo"]
[Date "2000.02.19"]
[Round "2"]
[White "Babcock, John"]
[Black "Jensen, Robert"]
[Result "0-1"]
[WhiteElo "965"]
[BlackElo "1333"]
[PlyCount "96"]
[EventDate "2000.02.19"]
[EventType "swiss"]
[EventRounds "3"]
[EventCountry "USA"]
[SourceTitle "EXT 2007"]
[Source "ChessBase"]
[SourceDate "2006.11.23"]
[SourceVersion "1"]
[SourceVersionDate "2006.11.23"]
[SourceQuality "1"]

1. d4 d5 2. c4 c6 3. Nc3 Bg4 4. Nf3 Bxf3 5. exf3 e6 6. c5 g6 7. Bf4 Nd7 8. Be2 Bg7 9. Be3 Ne7 10. Bd3 Nxc5 11. dxc5 d4 12. Bxd4 Bxd4 13. Qd2 Bxc5 14. Rd1 Qc7 15. Ne4 Bd4 16. 0-0 0-0 17. b3 Rad8 18. Qg5 Rd5 19. Qg3 Qxg3 20. Nxg3 Rfd8 21. Bc4 Bxf2+ 22. Kxf2 Rxd1 23. a4 Rxf1+ 24. Nxf1 Nd5 25. g3 a6 26. h3 b5 27. Be2 Nc3 28. axb5 axb5 29. Ke3 Nxe2 30. Kxe2 f5 31. Ke3 Kf7 32. g4 c5 33. Nd2 f4+ 34. Ke2 Rd4 35. g5 e5 36. h4 c4 37. bxc4 bxc4 38. Ne4 Rxe4+ 39. fxe4 c3 40. Kd3 f3 41. Kxc3 f2 42. Kd3 f1Q+ 43. Ke3 Qf4+ 44. Ke2 Qxe4+ 45. Kd2 Qf3 46. Kc2 Ke6 47. Kd2 Kd5 48. Ke1 Qg2 0-1

[Event "Kalamazoo op01"]
[Site "Kalamazoo"]
[Date "2000.01.22"]
[Round "2"]
[White "Babcock, John"]
[Black "Jackson, Don"]
[Result "0-1"]
[WhiteElo "950"]
[BlackElo "1043"]
[PlyCount "94"]
[EventDate "2000.01.22"]
[EventType "swiss"]
[EventRounds "3"]
[EventCountry "USA"]
[SourceTitle "EXT 2007"]
[Source "ChessBase"]
[SourceDate "2006.11.23"]
[SourceVersion "1"]
[SourceVersionDate "2006.11.23"]
[SourceQuality "1"]

1. d4 h6 2. c4 g5 3. Nc3 Bg7 4. e3 c5 5. Nf3 Nc6 6. a3 cxd4 7. exd4 a6 8. d5 Ne5 9. Rb1 d6 10. Nxe5 Bxe5 11. Bd2 Nf6 12. Bd3 Bg4 13. Be2 Bxe2 14. Qxe2 Qd7 15. f3 Qf5 16. 0-0 Qg6 17. Rfe1 0-0 18. Be3 Qh5 19. g3 Rfe8 20. Qg2 Qg6 21. f4 Bxc3 22. bxc3 Ne4 23. f5 Qf6 24. Qxe4 Qxc3 25. a4 Rac8 26. Rec1 Qe5 27. Qf3 Qg7 28. Qg4 f6 29. Bd4 Qf7 30. h4 h5 31. Qe4 g4 32. Re1 Qh7 33. Bxf6 exf6 34. Qxe8+ Rxe8 35. Rxe8+ Kf7 36. Rb8 Qxf5 37. R1xb7+ Kg6 38. Rg8+ Kh6 39. Rh8+ Kg6 40. Rg8+ Kh6 41. Re7 Qb1+ 42. Kg2 Qd3 43. Rd8 Kg6 44. Re6 Qf3+ 45. Kg1 Qxg3+ 46. Kf1 Qh3+ 47. Ke1 Qxh4+ 0-1